000 00366nam a2200145Ia 4500
008 240624s9999 xx 000 0 und d
041 _aeng
082 _a658.4012 GRA
100 _aGRANT ROBERT M
245 _aCONTEMPORARY STRATEGIC MANAGEMENT CASE S
250 _a(6th ed.)
260 _c2008
_aNew Delhi
_bWiley
300 _axiv, 347 p.; 23 cm.
365 _cRS
999 _c31302
_d31302